[Event "Challenge"]
[Site "http://www.queenalice.com/game.php?id=180741"]
[Date "2007.3.12"]
[Round "-"]
[White "rica"]
[Black "kloosterveen"]
[Result "0-1"]
[WhiteElo "1387"]
[BlackElo "1641"]

1. e4 e6 2. d4 g6 3. Be3 d5 4. Nc3 dxe4 5. Nxe4 Bg7 6. c3 Nf6 7. f3 O-O 8. Bf4
Nbd7 9. Bc4 Qe8 10. g4 Nb6 11. b3 Nfd5 12. Be5 Bxe5 13. dxe5 f5 14. gxf5 exf5
15. Bxd5+ Nxd5 16. Qxd5+ Be6 17. Qxb7 fxe4 18. Qxe4 Bf5 19. Qc4+ Kh8 20. f4 Rf7
21. Nf3 Qf8 22. Ng5 Rg7 23. O-O-O Qa3+ 24. Kd2 Qxa2+ 25. Ke3 Qa5 26. Nf7+ Kg8
27. Nh6+ Kf8 28. Rd5 Qb6+ 29. Qc5+ Ke8 30. h4 Qxc5+ 31. Rxc5 Kd8 32. Rg1 Rb8 33.
Nxf5 Rd7 34. Nh6 Rxb3 35. e6 Re7 0-1

[Event "Challenge"]
[Site "http://www.queenalice.com/game.php?id=181192"]
[Date "2007.3.13"]
[Round "-"]
[White "rica"]
[Black "holandes"]
[Result "0-1"]
[WhiteElo "1354"]
[BlackElo "1472"]

1. e4 e5 2. Nf3 Nc6 3. Bc4 h6 4. Nc3 Nf6 5. a3 a6 6. b4 b5 7. Bd5 Bb7 8. d4 d6
9. dxe5 Nxd5 10. exd5 Nxe5 11. Nxe5 dxe5 12. a4 Bxb4 13. Bb2 Bxd5 14. axb5 axb5
15. Ba3 Bxc3+ 16. Ke2 Bxa1 17. Qxa1 Bxg2 18. Qxe5+ Kd7 19. Rd1+ Kc6 20. Qc5+ Kb7
21. Rxd8 Rhxd8 22. Qxb5+ Kc8 23. Qf5+ Kb8 0-1

[Event "Challenge"]
[Site "http://www.queenalice.com/game.php?id=181195"]
[Date "2007.3.13"]
[Round "-"]
[White "rica"]
[Black "kfe"]
[Result "1-0"]
[WhiteElo "1336"]
[BlackElo "1394"]

1. e4 e5 2. Nf3 Nc6 3. c3 Qf6 4. Na3 Bc5 5. Nb5 Qh4 6. Nxh4 Kd8 7. d4 Bb6 8. Nf3
d6 9. Bc4 Nf6 10. Bg5 Ne7 11. dxe5 Nxe4 12. O-O h6 13. exd6 cxd6 14. Nxd6 Bd7
15. Nxf7+ Ke8 16. Nxh8 Rc8 17. Qd3 hxg5 18. Qxe4 1-0

[Event "AUTO-INT-379"]
[Site "http://www.queenalice.com/game.php?id=181396"]
[Date "2007.3.13"]
[Round "1"]
[White "rica"]
[Black "JeanBart"]
[Result "0-1"]
[WhiteElo "1343"]
[BlackElo "1947"]

1. e4 e6 2. d4 d5 3. Bd3 Nf6 4. e5 Nfd7 5. Nf3 c5 6. c3 Nc6 7. Na3 cxd4 8. cxd4
Bxa3 9. bxa3 Qb6 10. Be3 Qa5+ 11. Qd2 Qxa3 12. O-O Nb6 13. Rac1 Bd7 14. Nh4 Nb4
15. Rc3 Qxa2 16. Qxa2 Nxa2 17. Rc7 Nb4 18. Rd1 Nxd3 19. Rxd3 Bc6 20. Bg5 Nd7 21.
f4 f6 22. exf6 gxf6 23. Bh6 Kd8 24. Rxc6 bxc6 25. Rc3 Kc7 26. f5 e5 27. dxe5
fxe5 28. Rg3 Rhg8 29. Bg7 e4 30. f6 Ne5 31. Nf5 Rgb8 32. Nd4 Rb1+ 33. Kf2 c5 34.
Ne6+ Kd6 35. Ng5 Rb7 36. Nxh7 a5 37. Bf8+ Ke6 38. Rg7 Rxg7 39. Bxg7 Nf7 40. g4
a4 41. h4 a3 42. Ng5+ Nxg5 43. hxg5 Kf7 0-1

[Event "AUTO-INT-379"]
[Site "http://www.queenalice.com/game.php?id=181407"]
[Date "2007.3.13"]
[Round "1"]
[White "Guillaume"]
[Black "rica"]
[Result "1-0"]
[WhiteElo "1444"]
[BlackElo "1355"]

1. e4 e5 2. Qh5 g6 3. Qxe5+ Qe7 4. Qxh8 Nf6 5. d3 d6 6. Bg5 Nbd7 7. Bxf6 Nxf6 8.
f3 Be6 9. g4 g5 10. Nh3 O-O-O 11. Nxg5 Bh6 12. Qxd8+ Qxd8 13. h4 Nd7 14. Nxh7
1-0

[Event "AUTO-INT-379"]
[Site "http://www.queenalice.com/game.php?id=181408"]
[Date "2007.3.13"]
[Round "1"]
[White "rica"]
[Black "Guillaume"]
[Result "0-1"]
[WhiteElo "1368"]
[BlackElo "1431"]

1. e4 e5 2. c4 Qh4 3. Qf3 Nc6 4. Ne2 Bc5 5. g3 Qf6 6. Qxf6 Nxf6 7. Nbc3 Bd4 8.
Nd5 Nxd5 9. cxd5 Nb4 10. Kd1 Bxf2 11. a3 Nd3 12. Nc3 d6 13. Bxd3 Bg4+ 0-1

[Event "AUTO-INT-379"]
[Site "http://www.queenalice.com/game.php?id=181413"]
[Date "2007.3.13"]
[Round "1"]
[White "SGrillo"]
[Black "rica"]
[Result "1-0"]
[WhiteElo "1616"]
[BlackElo "1381"]

1. e4 e5 2. Nf3 f6 3. Bc4 Bc5 4. Bxg8 Rxg8 5. d3 d6 6. h3 g5 7. O-O g4 8. hxg4
Bxg4 9. Nbd2 Nc6 10. Qe1 Nd4 11. Nxd4 Bxd4 12. c3 Bc5 13. Kh1 f5 14. exf5 Qh4+
15. Kg1 Qg5 16. Ne4 Qxf5 17. Nxc5 Bh3 18. g3 Qf3 19. Qe4 Rf8 20. Qxf3 Rxf3 21.
Re1 dxc5 22. Rxe5+ Kf8 23. Rxc5 Re8 24. Be3 c6 25. Rh5 Bg4 26. Rxh7 Bc8 27. Re1
Kg8 28. Rh4 Bf5 29. d4 b5 30. Rd1 Be6 31. a3 Bc4 32. Kg2 1-0

[Event "AUTO-INT-379"]
[Site "http://www.queenalice.com/game.php?id=181414"]
[Date "2007.3.13"]
[Round "1"]
[White "rica"]
[Black "SGrillo"]
[Result "0-1"]
[WhiteElo "1374"]
[BlackElo "1623"]

1. e4 e5 2. c4 Bc5 3. d3 Nh6 4. Be3 Bxe3 5. fxe3 Qg5 6. Qf3 O-O 7. Nc3 Ng4 8. h3
Nxe3 9. Rc1 f5 10. Nd5 fxe4 11. dxe4 Rxf3 12. gxf3 Nxd5 13. Rd1 Qe3+ 14. Be2 Nf4
15. b4 Ng2+ 16. Kf1 d6 17. Rd3 Qg5 18. c5 dxc5 19. bxc5 Nf4 20. h4 Qg3 21. Rd8+
Kf7 22. Bc4+ Ke7 23. Rxc8 Qg2+ 24. Ke1 Qxh1 25. Rxc7+ Kd8 26. Rxg7 Qxh4+ 27. Kf1
Ng6 28. Bg8 Ne7 29. Rxh7 Qg3 30. Bd5 Nxd5 31. exd5 Qg8 0-1

[Event "AUTO-OPEN-588"]
[Site "http://www.queenalice.com/game.php?id=181532"]
[Date "2007.3.14"]
[Round "1"]
[White "malcon_2006"]
[Black "rica"]
[Result "1-0"]
[WhiteElo "1165"]
[BlackElo "1341"]

1. e4 e5 2. Nh3 Bc5 3. Nc3 d6 4. Bc4 Nf6 5. Ng5 O-O 6. O-O Nc6 7. Qf3 Nd4 8. Qd3
a6 9. Qh3 Bxh3 10. Nxh3 Ng4 11. d3 1-0

[Event "AUTO-OPEN-588"]
[Site "http://www.queenalice.com/game.php?id=181533"]
[Date "2007.3.14"]
[Round "1"]
[White "rica"]
[Black "malcon_2006"]
[Result "0-1"]
[WhiteElo "1318"]
[BlackElo "1188"]

1. e4 e5 2. c4 Nh6 3. d3 Qf6 4. Nf3 Nc6 5. Be3 Bb4+ 6. Nc3 O-O 7. Bg5 Qd6 8. Nh4
Bc5 9. Nd5 b6 10. a3 a6 0-1

[Event "AUTO-OPEN-588"]
[Site "http://www.queenalice.com/game.php?id=181554"]
[Date "2007.3.14"]
[Round "1"]
[White "Turkish_Silvy"]
[Black "rica"]
[Result "1-0"]
[WhiteElo "1934"]
[BlackElo "1343"]

1. d4 Nc6 2. Nf3 f6 3. Bf4 g5 4. Bg3 d6 5. e4 e5 6. Bc4 a6 7. dxe5 Nxe5 8. Nxe5
fxe5 9. Qh5+ Kd7 10. Nc3 Nf6 11. Qxg5 Rg8 12. Bxg8 h6 13. Qf5+ Ke7 14. Nd5+ Nxd5
15. Qf7# 1-0

[Event "AUTO-OPEN-588"]
[Site "http://www.queenalice.com/game.php?id=181555"]
[Date "2007.3.14"]
[Round "1"]
[White "rica"]
[Black "Turkish_Silvy"]
[Result "0-1"]
[WhiteElo "1341"]
[BlackElo "1975"]

1. e4 c6 2. d4 d5 3. f3 dxe4 4. fxe4 e5 5. c3 Qh4+ 6. g3 Qxe4+ 7. Qe2 Qxh1 8.
Nf3 Bg4 9. Nbd2 Nd7 10. Kf2 Ngf6 11. Bg2 Bxf3 12. Qxf3 Qxh2 13. b4 h5 14. Nf1
Ng4+ 15. Qxg4 hxg4 16. Nxh2 Rxh2 17. Bg5 Bd6 18. Kg1 Rh5 0-1

[Event "AUTO-OPEN-588"]
[Site "http://www.queenalice.com/game.php?id=181566"]
[Date "2007.3.14"]
[Round "1"]
[White "Guilherme_Mattos"]
[Black "rica"]
[Result "1-0"]
[WhiteElo "1445"]
[BlackElo "1287"]

1. e4 e5 2. Bc4 Qe7 3. Qh5 g6 4. Qg4 Nf6 5. Qf3 c6 6. g4 h5 7. g5 Ng4 8. b3 b5
9. Bd3 Na6 10. h3 Nb4 11. hxg4 hxg4 12. Qxg4 Rxh1 13. Qg2 Rh5 14. Be2 Qxg5 15.
Qg4 Nxc2+ 16. Kd1 Nxa1 17. Qg3 Qxg3 18. fxg3 Rh1 19. Bf3 Rxg1+ 20. Ke2 Rxc1 21.
Nc3 b4 22. Na4 Ba6+ 23. d3 Rc2+ 24. Kd1 1-0

[Event "AUTO-OPEN-588"]
[Site "http://www.queenalice.com/game.php?id=181567"]
[Date "2007.3.14"]
[Round "1"]
[White "rica"]
[Black "Guilherme_Mattos"]
[Result "0-1"]
[WhiteElo "1297"]
[BlackElo "1435"]

1. e4 e5 2. c4 Bc5 3. Nf3 Qf6 4. d3 g5 5. Bxg5 Qg6 6. Nc3 Bb4 7. Qb3 Bxc3+ 8.
Qxc3 Nc6 9. b4 f6 10. Be3 d6 11. c5 dxc5 12. Qxc5 Nge7 13. d4 b6 14. Qb5 a6 15.
Qa4 b5 16. Bxb5 Bd7 17. Bc4 a5 18. dxe5 Nxe5 19. Bb5 Bxb5 20. Qxb5+ N7c6 21. Qb7
Rb8 22. Qxc7 Qg7 23. Qxg7 Rf8 24. Bc5 Rf7 25. Qh6 axb4 0-1